00462nam a2200181 a 450000100060000000300090000600800410001502000150005604000280007108200140009910000190011324500350013226000300016730000110019765000240020865000270023265000210025916155CO-ViMGA141112s2004 ck r 000 u spa d a843060409X aCO-ViMGAbspacCO-ViMGA04a465 G744s1 aGrijelmo, Alex10aLa seducción de las palabras aMexico : bTaurus, c2000 a289.p.14aESPAÑOL GRAMATICA14aMORFOLOGIA - GRAMATICA14aPSICOLINGUISTICA